Startup a jeho inovačný potenciál bakalárska práca

Gespeichert in:
Bibliographische Detailangaben
1. Verfasser: Báthoryová, Rosana
Körperschaft: Fakulta podnikového manažmentu EU. Katedra manažmentu
Weitere Verfasser: Bednár, Richard, 1985-
Format: Buch
Sprache:Slowakisch
Veröffentlicht: Bratislava 2015
Tags: Tag hinzufügen
Keine Tags, Fügen Sie das erste Tag hinzu!

MARC

LEADER 00000nbm a2200000 4500
001 0202927
005 20161212102232.3
041 0 |a slo 
044 |a SK 
245 1 0 |a Startup a jeho inovačný potenciál  |b bakalárska práca  |c Rosana Báthoryová ; školiteľ: Richard Bednár 
264 1 |a Bratislava  |c 2015 
300 |a 57 s. 
100 1 |a Báthoryová, Rosana 
700 1 |a Bednár, Richard, 1985- 
710 2 |a Fakulta podnikového manažmentu EU. Katedra manažmentu